Political economy of the Gulf sovereign wealth funds : (Record no. 13862)

000 -LEADER
fixed length control field 01200cam a22003134a 4500
001 - CONTROL NUMBER
control field 17325208
005 - DATE AND TIME OF LATEST TRANSACTION
control field 20170105102841.0
008 - FIXED-LENGTH DATA ELEMENTS--GENERAL INFORMATION
fixed length control field 120531s2013 enkab b 001 0 eng
010 ## - LIBRARY OF CONGRESS CONTROL NUMBER
LC control number 2012019906
020 ## - INTERNATIONAL STANDARD BOOK NUMBER
International Standard Book Number 9780415522229 (hbk.)
020 ## - INTERNATIONAL STANDARD BOOK NUMBER
Canceled/invalid ISBN 9780203080887 (ebook)
040 ## - CATALOGING SOURCE
Original cataloging agency DLC
Transcribing agency DLC
Modifying agency DLC
042 ## - AUTHENTICATION CODE
Authentication code pcc
043 ## - GEOGRAPHIC AREA CODE
Geographic area code ap-----
050 00 - LIBRARY OF CONGRESS CALL NUMBER
Classification number HJ3841.P35
Item number B39 2013
082 00 - DEWEY DECIMAL CLASSIFICATION NUMBER
Classification number 332.672
Edition number 23
100 1# - MAIN ENTRY--PERSONAL NAME
Personal name Bazoobandi, Sara.
245 10 - TITLE STATEMENT
Title Political economy of the Gulf sovereign wealth funds :
Remainder of title a case study of Iran, Kuwait, Saudi Arabia and the UAE /
Statement of responsibility, etc. Sara Bazoobandi.
260 ## - PUBLICATION, DISTRIBUTION, ETC.
Place of publication, distribution, etc. Abingdon, Oxon ;
-- New York, NY :
Name of publisher, distributor, etc. Routledge,
Date of publication, distribution, etc. 2013.
300 ## - PHYSICAL DESCRIPTION
Extent xii, 196 p. :
Other physical details ill., map ;
Dimensions 24 cm.
490 0# - SERIES STATEMENT
Series statement Routledge studies in Middle Eastern economies
504 ## - BIBLIOGRAPHY, ETC. NOTE
Bibliography, etc. note Includes bibliographical references and index.
650 #0 - SUBJECT ADDED ENTRY--TOPICAL TERM
Topical term or geographic name entry element Sovereign wealth funds
Geographic subdivision Persian Gulf Region.
650 #0 - SUBJECT ADDED ENTRY--TOPICAL TERM
Topical term or geographic name entry element Monetary policy
Geographic subdivision Persian Gulf Region.
651 #0 - SUBJECT ADDED ENTRY--GEOGRAPHIC NAME
Geographic name Persian Gulf Region
General subdivision Economic policy.
906 ## - LOCAL DATA ELEMENT F, LDF (RLIN)
a 7
b cbc
c orignew
d 1
e ecip
f 20
g y-gencatlg
942 ## - ADDED ENTRY ELEMENTS (KOHA)
Source of classification or shelving scheme
Koha item type Book
Holdings
Withdrawn status Lost status Damaged status Not for loan Collection code Permanent Location Current Location Shelving location Date acquired Total Checkouts Full call number Barcode Date last seen Price effective from Koha item type
          Central Library (CL) Central Library (CL) General Stacks 08/02/2013   332.672 BAZ 2013 CIPS0000164 08/02/2013 08/02/2013 Book
© 2023 Central Library, National University of Sciences and Technology. All Rights Reserved.